Football - Les 10 plus gros transferts (2023-2024) - Statistiques

Statistiques générales
  • Ce quiz a été pris 137 fois
  • Le résultat moyen est 8 sur 10
Statistiques - réponses
Rang Club Précédent Nouveau Club Montant Joueur % Correct
7 Paris SG Al Hilal 90 000 000 € Neymar
97%
5 Eintracht Francfort Paris SG 95 000 000 € Randal Kolo Muani
97%
4 Tottenham Bayern Munich 95 000 000 € Harry Kane
95%
3 Borussia Dortmund Real Madrid 103 000 000 € Jude Bellingham
94%
1 West Ham Arsenal 116 600 000 € Declan Rice
88%
6 Leipzig Manchester City 90 000 000 € Josko Gvardiol
83%
8 Chelsea Arsenal 75 000 000 € Kai Havertz
79%
2 Brighton Chelsea 116 000 000 € Moises Caicedo
77%
9 Atalanta Manchester United 73 900 000 € Rasmus Hojlund
56%
10 Leipzig Liverpool 70 000 000 € Dominik Szoboszlai
49%
Aucun quiz correspondant
Distribution des résultats
% des personnes avec chaque résultat
Percentile par nombre de réponses
Votre historique - résultats
Vous n’avez pas pris ce quiz